Rejestracje woj. Śląskiego - Statystyki

Ogólne statystyki
  • Ten quiz został rozwiązany 345 razy
  • Średni wynik to 22 z 38
Statystyki odpowiedzi
Rejestracje Powiat/Miasto % Poprawnych
SB Bielsko-Biała
87%
SK Katowice
86%
SC Częstochowa
81%
SG Gliwice
81%
SH Chorzów
77%
SY Bytom
75%
ST Tychy
73%
STY Tychy
73%
SD Dąbrowa Górnicza
72%
SO Sosnowiec
71%
SGL Gliwicki
67%
SM Mysłowice
67%
SR Rybnik
66%
SCI Cieszyński
64%
SJZ Jastrzębie-Zdrój
64%
SJ Jaworzno
64%
SBE Będziński
63%
SBI Bielski
63%
SZ Zabrze
63%
SCZ Częstochowski
62%
SZO Żory
58%
SL Ruda Śląska
55%
SRS Ruda Śląska
55%
SMI Mikołowski
53%
SRB Rybnicki
53%
SPS Pszczyński
52%
SPI Piekary Śląskie
50%
SI Siemianowice Śląskie
50%
SWD Wodzisławski
50%
SRC Raciborski
49%
SZY Żywiecki
45%
SMY Myszkowski
40%
STA Tarnogórski
40%
SBL Bieruńsko-Lędziński
37%
SZA Zawierciański
36%
SKL Kłobucki
35%
SW Świetochłowice
32%
SLU Lubliniceki
2%
Nie znaleziono quizów pasujących do podanych kryteriów
Rozkład punktacji
Procent ludzi z każdym wynikiem
Percentyl według liczby udzielonych odpowiedzi
Twoja historia wyników
Nie rozwiązałeś tego quizu